| 000 | 00790nam a2200277 a 4500 | ||
|---|---|---|---|
| 001 | 25771 | ||
| 003 | CO-ViMGA | ||
| 008 | 141112s2004 ck r 000 u spa d | ||
| 020 | _a9789588640792 | ||
| 040 |
_aCO-ViMGA _bspa _cCO-ViMGA |
||
| 041 | _aSPA | ||
| 090 | _aN CER7 | ||
| 100 | 1 |
_aCercas, Javier, 1962 - _939846 |
|
| 245 | 1 | 0 |
_aLas leyes de la frontera / _cJavier Cercas |
| 250 | _a1a ed. | ||
| 260 |
_aBogotá : _bMondadori, _c2013 |
||
| 300 | _a382 p. | ||
| 490 | _aLiteratura Mondadori | ||
| 500 | _aIncluye datos biográficos del autor. | ||
| 650 | 1 | 4 |
_aAMOR - NOVELA _92654 |
| 650 | 1 | 4 |
_aAUTORES ESPAÑOLES _9727 |
| 650 | 1 | 4 |
_aLITERATURA ESPAÑOLA - SIGLO XX _92215 |
| 650 | 1 | 4 | _aNOVELA ESPAÑOLA - SIGLO XX |
| 650 | 1 | 4 |
_aTRAICION - NOVELA _939847 |
| 942 |
_2ddc _cBK |
||
| 999 |
_c5337 _d5337 |
||